01184nam#a2200241 45000010014000000030004000140050017000180060019000350070015000540080041000690200018001100400018001281000039001462450030001852500019002152600013002342640048002473000022002953360026003173370026003435200522003698560051008919781456299231VST20250425090632.0m o d cr#un#---uucau240819s2024 MEX d a9781456299231 aVSTcVSTdVST1 aJulie Miller, Donna Gerkeneauthor10aPrecálculo, 2nd Edition asecond edition aMexico : 1aMexico :bMcGraw-Hill Interamericana,c2024 a1 online resource atextbtxt2rdacontent acomputerbc2rdamedia aPrecálculo sirve como un valioso curso introductorio para muchos estudiantes en las disciplinas de todo el plan de estudios universitario. Para algunos alumnos es la puerta de entrada a las matemáticas superiores requeridas en las carreras en ciencias, tecnología, ingeniería y matemáticas. Para otros, constituye el principal recurso necesario para entender las complejidades de un mundo moderno inmerso en estadísticas, estrategias de inversión, planeación financiera e incluso decisiones médicas.40uhttps://resolver.vitalsource.com/9781456299231